| 000 | 00330nam a2200133Ia 4500 | ||
|---|---|---|---|
| 008 | 200103s9999||||xx |||||||||||||| ||und|| | ||
| 040 | _aIMU-MPC | ||
| 082 | _aColumn-8 | ||
| 100 | _aThe nautical Institute | ||
| 245 | 0 | _aMasters Role in collecting evidence | |
| 260 |
_bThe nautical Institute _c1989 |
||
| 300 | _a108 | ||
| 942 | _cBK | ||
| 999 |
_c4040 _d4040 |
||